College Quizbowl Stats
College Quizbowl Stats
Circuits
Seasons
Sets
Records
Detailed Stats
About
Loading...
2024 ACF Regionals @ MIT
Tossups
Bonuses
Players
Teams
Categories (Tossup)
Categories (Bonus)
Peter Scully
Tufts B
Categories
Category
Powers
Gets
Negs
BBs
Points
Earliest Buzz
Avg. Buzz
First Buzzes
Top 3 Buzzes
History - American History
0
2
0
1
20
104
113.50
0
2
History - Other History
0
2
0
1
20
81
108.50
1
2
Science - Other Science
0
2
0
1
20
69
69.00
1
2
Mythology
0
1
0
0
10
138
138.00
0
1
Science - Physics
0
1
0
0
10
126
126.00
0
1
Buzzes
Category
Answer
Value
Buzz Position
Science - Other Science
concrete
10
69
Science - Other Science
CO2 concentration
10
69
History - Other History
Khufu
10
81
History - American History
Illinois
10
104
History - American History
Gadsden Purchase
10
123
Science - Physics
gluons
10
126
History - Other History
Sumerian kings
10
136
Mythology
Brynhild
10
138
Previous
1
Next